Statystyki dla Najpopularniejsze prezenty świąteczne

Kliknij tutaj aby rozwiązać quiz!

Ogólne statystyki

  • Ten quiz został rozwiązany 151 razy
  • Średni wynik to 3 z 10

Statystyki odpowiedzi

%prezent% Poprawnych
30%bielizna
81%
47%słodycze/czekolada
74%
46%bon/karta podarunkowa/voucher
73%
34%książki
37%
30%piżama
14%
37%produkty do makijażu
5%
44%coś własnoręcznego
2%
33%produkty do pięlegnacji
2%
31%produkty do pielęgnacji twarzy
2%
32%szczoteczka do zębów
2%

Rozkład punktacji

Percentyl według liczby udzielonych odpowiedzi

Procent ludzi z każdym wynikiem

Twoja historia wyników

Nie rozwiązałeś tego quizu